Statistics for Airlines operating the Airbus A380-800

Click here to take the quiz!

General Stats

  • This quiz has been taken 160 times
  • The average score is 10 of 13

Answer Stats

Airlines% Correct
Emirates
98%
Air France
94%
Lufthansa
94%
British Airways
90%
QANTAS
90%
Singapore Airlines
81%
Etihad Airways
78%
Qatar Airways
77%
Korean Air
71%
Asiana
67%
Malaysia Airlines
64%
Thai Airways
62%
China Southern Airlines
55%

Score Distribution

Percentile by Number Answered

Percent of People with Each Score

Your Score History

You have not taken this quiz